000 00753cam a2200253 a 4500
001 4886991
003 OSt
005 20160415084205.0
008 930604s1994 nyua 001 0 eng
010 _a 93008932
020 _a0894809946 (paper)
040 _aSEKU
050 0 0 _aHQ 774.5
_b.E5
100 1 _aEisenberg, Arlene.
245 1 0 _aWhat to expect the toddler years /
_cArlene Eisenberg, Heidi E. Murkoff, Sandee E. Hathaway ; foreword by Morris Green.
260 _aNew York :
_bWorkman Pub.,
_c1994.
300 _axx, 904 p. :
_bill. ;
_c23 cm.
500 _aIncludes index.
650 0 _aToddlers.
650 0 _aChild rearing.
700 1 _aMurkoff, Heidi Eisenberg.
700 1 _aHathaway, Sandee Eisenberg.
942 _2lcc
_cGEN
999 _c12693
_d12693